Towards restoring justice: Rehabilitation of vulnerable undertrials (Record no. 533248)
[ view plain ]
| 000 -LEADER | |
|---|---|
| fixed length control field | 01351nam a22001337a 4500 |
| 008 - FIXED-LENGTH DATA ELEMENTS--GENERAL INFORMATION | |
| fixed length control field | 260505b ||||| |||| 00| 0 eng d |
| 100 ## - MAIN ENTRY--PERSONAL NAME | |
| Personal name | Mathur, Anjali |
| 245 ## - TITLE STATEMENT | |
| Title | Towards restoring justice: Rehabilitation of vulnerable undertrials |
| 260 ## - PUBLICATION, DISTRIBUTION, ETC. (IMPRINT) | |
| Place of publication, distribution, etc | Economic & Political Weekly |
| 300 ## - PHYSICAL DESCRIPTION | |
| Extent | 61(16), Apr 18, 2026: p.10-12 |
| 520 ## - SUMMARY, ETC. | |
| Summary, etc | Violence, in the form of terror offences, has become a persistent threat to the security of the world today. The state in India has sought to devise laws that can effectively curb such threats. However, in pursuit of this objective, many who are falsely incarcerated not only suffer from long periods of confinement in prisons but also experience a long term, debilitating impact on their lives, making reintegration into society extremely difficult. The exceptional provisions in these laws as well as the lack of a solid blueprint on the rehabilitation of such prisoners, result in a travesty of justice and human suffering that is ignored. This article explores the ways in which the rehabilitation of vulnerable undertrials could be centred in the legal discourse and practice to restore some sense of justice and human rights in our society.-Reproduced https://www.epw.in/journal/2026/16/law-and-society/towards-restoring-justice.html |
| 773 ## - HOST ITEM ENTRY | |
| Main entry heading | Economic & Political Weekly |
| 942 ## - ADDED ENTRY ELEMENTS (KOHA) | |
| Item type | Articles |
| Withdrawn status | Lost status | Source of classification or shelving scheme | Damaged status | Not for loan | Permanent location | Current location | Date acquired | Serial Enumeration / chronology | Barcode | Date last seen | Koha item type |
|---|---|---|---|---|---|---|---|---|---|---|---|
| Indian Institute of Public Administration | Indian Institute of Public Administration | 2026-05-05 | 61(16), Apr 18, 2026: p.10-12 | AR138760 | 2026-05-05 | Articles |
